Ovládnite svoj metabolizmus : 3 tajomstvá stravy pre prirodzené vyrovnanie hladiny hormónov a zvodné a zdravé telo! /
Uložené v:
| Hlavní autori: | , |
|---|---|
| Ďalší autori: | , |
| Médium: | Kniha |
| Jazyk: | Slovak English |
| Vydané: |
Olomouc :
ANAG,
c2015.
|
| Vydanie: | [1. vyd.] |
| Témy: | |
| ISBN: |
9788072639557 (brož.) |
| Fyzický popis: |
271 s. ; 24 cm. |
| Tagy: |
Pridať tag
Žiadne tagy, Buďte prvý kto otaguje tento záznam!
|
Titul je dostupný aj v ... 

MARC
| LEADER | 00000nam a2200000 i 4500 | ||
|---|---|---|---|
| 001 | 000489698 | ||
| 005 | 20151211101931.0 | ||
| 008 | 150723s2015 xr e f 001 0 slo d | ||
| 020 | |a 9788072639557 (brož.) | ||
| 040 | |a SVKKK |b slo |c SVKKK |e AACR2 | ||
| 041 | 1 | |a slo |h eng | |
| 044 | |a xr |c CZ | ||
| 072 | 7 | |a 613 |x Hygiena. Ľudské zdravie |2 konspekt | |
| 080 | |a 613.2 |2 2001 | ||
| 080 | |a 641.561 |2 2001 | ||
| 080 | |a (035) |2 2001 | ||
| 080 | |a (083.12) |2 2001 | ||
| 100 | 1 | |a Michaels, Jillian, |d 1974- | |
| 240 | 1 | 0 | |a Master your metabolism. |l Slovensky |
| 245 | 1 | 0 | |a Ovládnite svoj metabolizmus : |b 3 tajomstvá stravy pre prirodzené vyrovnanie hladiny hormónov a zvodné a zdravé telo! / |c Jillian Michaels s Mariskou van Aalst ; predslov od Christine Darwin ; [z anglického originálu preložila Andrea Bačová]. |
| 250 | |a [1. vyd.] | ||
| 260 | |a Olomouc : |b ANAG, |c c2015. | ||
| 300 | |a 271 s. ; |c 24 cm. | ||
| 500 | |a Preklad z angl. orig. | ||
| 500 | |a Údaj o prekl. prevzatý z tiráže | ||
| 504 | |a Bibliografia: s. 243-262; register: s. 263-268 | ||
| 650 | 0 | 7 | |a zdravá výživa |2 SVKKKPH |
| 650 | 0 | 7 | |a dietne jedlá |2 SVKKKPH |
| 655 | 7 | |a príručky |2 SVKKKPH | |
| 655 | 7 | |a kuchárske recepty |2 SVKKKPH | |
| 700 | 1 | |a Aalst, Mariska van |4 aut | |
| 700 | 1 | |a Darwin, Christine |4 aui | |
| 700 | 1 | |a Bačová, Andrea, |d 1966- |4 trl | |
| 765 | 0 | |t Master your metabolism. Slovensky |a Michaels, Jillian, 1974- | |
| 910 | |a svkkk | ||
| 919 | |a 978-80-7263-955-7 | ||
| 998 | |a BK | ||
| 090 | |g SCKHL |k Sklad Hlavná 10 prízemie |a IV.224841 |j 1066978 |i 2720338210 |s Absenčne | ||